| 000 | 00390cam a2200157ua 4500 | ||
|---|---|---|---|
| 003 | OSt | ||
| 008 | 250610b |||||||| |||| 00| 0 eng d | ||
| 020 | _a81 85240 41 8 | ||
| 041 | _aeng | ||
| 082 |
_a624.171 _bJAI/EL |
||
| 100 |
_aJain, A K. _97462 |
||
| 245 | _aElementary structural analysis / | ||
| 260 |
_aRoorkee : _bNem Chand And Bros , _c1990. |
||
| 300 | _a624 ; . | ||
| 942 | _cBK | ||
| 999 |
_c9221 _d9221 |
||